000
00220 a2200097 4500
001
9003
100
_a
Pepper F S
245
_a
H Book of 20th Century Quaatioms
260
_a
_b
Spheare Preference
_c
090
_c
7189
_d
7189
942
_a
NUST-CAE
_c
M
_c
33810
999
_c
244076
_d
244076